00587nam a22002057a 450000500170000001000130001702000270003003500130005703700160007004000120008608200160009810000190011424500690013326000370020227000460023930000330028550000190031865000210033765000230035820170124105930.0 aB-094042 a97881765566742c195.00 aB-094042 bCen Lib/Ret aDPLbEN a005.43bDAS aDasgupta, Soma aFoxpro interactive programming and projects /cby CSoma Dasgupta aNew DelhibBPB Publicationsc00? ab-14, Connaught Place bNew Delhie110001 axvi, 478p. :c23cm(Hb)bill. aIncludes index acomputer science aprogramming system